<?xml version="1.0" encoding="UTF-8"?>
<record
    xmlns:xsi="http://www.w3.org/2001/XMLSchema-instance"
    xsi:schemaLocation="http://www.loc.gov/MARC21/slim http://www.loc.gov/standards/marcxml/schema/MARC21slim.xsd"
    xmlns="http://www.loc.gov/MARC21/slim">

  <leader>00654nam a22001577a 4500</leader>
  <controlfield tag="003">OSt</controlfield>
  <controlfield tag="005">20151006140936.0</controlfield>
  <controlfield tag="008">151006b        xxu||||| |||| 00| 0 eng d</controlfield>
  <datafield tag="040" ind1=" " ind2=" ">
    <subfield code="c">RUA </subfield>
  </datafield>
  <datafield tag="082" ind1=" " ind2=" ">
    <subfield code="a">AVM EIN 2005 B075 Or.1</subfield>
  </datafield>
  <datafield tag="100" ind1=" " ind2=" ">
    <subfield code="9">2165</subfield>
    <subfield code="a">EING DARA VUTH</subfield>
  </datafield>
  <datafield tag="245" ind1=" " ind2=" ">
    <subfield code="a">The study on growth rate of fattening pigs of using brewery waste as concentrate, (&#x1780;&#x17B6;&#x179A;&#x179F;&#x17B7;&#x1780;&#x17D2;&#x179F;&#x17B6;&#x179B;&#x17BE;&#x1780;&#x17B6;&#x179A;&#x179B;&#x17BC;&#x178F;&#x179B;&#x17B6;&#x179F;&#x17CB;&#x179A;&#x1794;&#x179F;&#x17CB;&#x1787;&#x17D2;&#x179A;&#x17BC;&#x1780;&#x179F;&#x17B6;&#x1785;&#x17CB;&#x178A;&#x17C4;&#x1799;&#x1794;&#x17D2;&#x179A;&#x17BE;&#x1794;&#x17D2;&#x179A;&#x17B6;&#x179F;&#x17CB;&#x1780;&#x17B6;&#x1780;&#x179F;&#x17D2;&#x179A;&#x17B6;&#x1794;&#x17C0;&#x179A;&#x1787;&#x17B6;&#x1785;&#x17C6;&#x178E;&#x17B8;&#x1795;&#x17D2;&#x179F;&#x17C6;)</subfield>
  </datafield>
  <datafield tag="260" ind1=" " ind2=" ">
    <subfield code="a">phnom penh </subfield>
    <subfield code="b">rua </subfield>
    <subfield code="c">2005</subfield>
  </datafield>
  <datafield tag="300" ind1=" " ind2=" ">
    <subfield code="a">vii, 38p.</subfield>
    <subfield code="b">ill.</subfield>
    <subfield code="c">29cm.</subfield>
  </datafield>
  <datafield tag="942" ind1=" " ind2=" ">
    <subfield code="2">ddc</subfield>
    <subfield code="c">AVM</subfield>
  </datafield>
  <datafield tag="999" ind1=" " ind2=" ">
    <subfield code="c">2037</subfield>
    <subfield code="d">2037</subfield>
  </datafield>
  <datafield tag="952" ind1=" " ind2=" ">
    <subfield code="0">0</subfield>
    <subfield code="1">0</subfield>
    <subfield code="2">ddc</subfield>
    <subfield code="4">0</subfield>
    <subfield code="6">AVM_EIN_2005_000000000000000_B075_OR_1</subfield>
    <subfield code="7">0</subfield>
    <subfield code="9">8411</subfield>
    <subfield code="a">LBB</subfield>
    <subfield code="b">LBB</subfield>
    <subfield code="c">B075</subfield>
    <subfield code="d">2015-10-06</subfield>
    <subfield code="l">1</subfield>
    <subfield code="o">AVM EIN 2005 B075 Or.1</subfield>
    <subfield code="p">RUA009105</subfield>
    <subfield code="r">2016-08-01</subfield>
    <subfield code="s">2016-07-16</subfield>
    <subfield code="w">2015-10-06</subfield>
    <subfield code="y">AVM</subfield>
  </datafield>
  <datafield tag="952" ind1=" " ind2=" ">
    <subfield code="0">0</subfield>
    <subfield code="1">0</subfield>
    <subfield code="2">ddc</subfield>
    <subfield code="4">0</subfield>
    <subfield code="6">AVM_EIN_2005_000000000000000_B075_OR_2</subfield>
    <subfield code="7">0</subfield>
    <subfield code="9">8412</subfield>
    <subfield code="a">LBB</subfield>
    <subfield code="b">LBB</subfield>
    <subfield code="c">B075</subfield>
    <subfield code="d">2015-10-06</subfield>
    <subfield code="l">1</subfield>
    <subfield code="o">AVM EIN 2005 B075 Or.2</subfield>
    <subfield code="p">RUA009243</subfield>
    <subfield code="r">2016-06-27</subfield>
    <subfield code="s">2016-06-14</subfield>
    <subfield code="w">2015-10-06</subfield>
    <subfield code="y">AVM</subfield>
  </datafield>
</record>
